LEADER 01285nam 2200385z- 450 001 9910694585303321 005 20080821093453.0 035 $a(CKB)5860000000033664 035 $a(BIP)023914276 035 $a(EXLCZ)995860000000033664 100 $a20220406c2008uuuu -u- - 101 0 $aeng 200 10$aSBA reauthorization $esmall business loan programs : roundtable before the Committee on Small Business and Entrepreneurship, United States Senate, One Hundred Tenth Congress, first session, May 2, 2007 215 $a1 online resource (iv, 64 p.) 311 $a0-16-081385-9 517 $aSBA Reauthorization 606 $aSmall business$zUnited States$xFinance 606 $aCommercial loans$zUnited States 606 $aCommercial credit$zUnited States 606 $aGovernment lending$zUnited States 610 $aUnited States 610 $aSmall business 610 $aCommercial loans 610 $aCredit 610 $aGovernment lending 610 $aPolitical science 610 $aBusiness & economics 615 0$aSmall business$xFinance. 615 0$aCommercial loans 615 0$aCommercial credit 615 0$aGovernment lending 906 $aBOOK 912 $a9910694585303321 996 $aSBA reauthorization$93123379 997 $aUNINA